00702nam a22002057a 450000500170000001000140001702000230003102000260005403500130008003700130009308200060010610000290011224501100014126000460025127000630029730000260036050000490038665000380043570000230047320100803104033.0 aENG-97775 a0198067933c495.00 a9780198067931c495.00 aEN-81308 bDBAD/PUB aN aChatterji, Bankimchandra aDebi Chaudhurani or the wife who came home /cby Bankimchandra Chatterji ; translated by Julius J. Lipner aNew Delhi bOxford University Pressc2010 aYMCA Library Building, Jai Singh Road, bNew Delhie110001 axiii,276p.c22cm (Hb) aIncludes bibliographical reference and index aDebi Chaudhurani-Bengali novelist aLipner, Julius J.